000 00332 a2200097 4500
100 1 _aGojchman, E.S..
_eAutor
700 1 _aLosev, Ju.I..
_eAutor
245 0 _aPeredaca informacii v avtomatizirovannych sistemach upravlenija /
_cGojchman E.S., Losev Ju.I..
710 2 _aSvjaz'.
_eWydawca
_4pbl
260 _aMoskva :
_bSvjaz',
_c1971.
300 _a159 s.;
_c24 cm.
999 _c6482
_d6482